On virtue s

In the treatise On Virtues (part of his so-called Exposition of the Law), Philo of Alexandria demonstrates how Moses, his laws, and the nation constituted by these laws each embody certain widely-discussed moral values, specifically, courage (andreia), humanity (philanthropia), repentance (metanoia)...

وصف كامل

محفوظ في:

المؤلف الرئيسي: Philo, of Alexandria.

مؤلفون آخرون: Wilson, Walter T.

التنسيق: كتاب الكتروني

اللغة: English
Latin

منشور في: Leiden ; Boston : Brill, 2011.

سلاسل: Philo of Alexandria Commentary Series 3.
Biblical Studies, Ancient Near East and Early Christianity E-Books Online, Collection 2011, ISBN: 9789004222748.

الموضوعات:

الوصول للمادة أونلاين: Login to view Source

الوسوم: إضافة وسم

لا توجد وسوم, كن أول من يضع وسما على هذه التسجيلة!

رقم الطلب: BJ1521 .P4613 2011

LEADER 03800nam a2200481 i 4500
001 BRILL9789004190375
003 nllekb
005 20210602095704.0
006 m d
007 cr un uuuua
008 100827s2011 ne sb 001 0 eng d
010 |a  2010036405 
020 |a 9789004190375  |q (electronic book) 
020 |z 9789004189072  |q (print) 
024 7 |a 10.1163/ej.9789004189072.i-480  |2 DOI 
040 |a NL-LeKB  |c NL-LeKB  |e rda 
041 1 |a eng  |h lat 
050 4 |a BJ1521  |b .P4613 2011 
082 0 4 |a 296.3/699  |2 22 
100 0 |a Philo,  |c of Alexandria. 
240 1 0 |a De virtutibus.  |l English 
245 1 0 |a On virtue s  |c Philo of Alexandria ; introduction, translation and commentary by Walter T. Wilson. 
264 1 |a Leiden ;  |a Boston :  |b Brill,  |c 2011. 
300 |a 1 online resource. 
336 |a text  |b txt  |2 rdacontent 
337 |a computer  |b c  |2 rdamedia 
338 |a online resource  |2 rdacarrier 
490 0 |a Brill eBook titles 2011 
504 |a Includes bibliographical references (p. [419]-448) and indexes. 
505 0 0 |t Preliminary Material /  |r W. Wilson --   |t Introduction /  |r W. Wilson --   |t On Courage /  |r W. Wilson --   |t On Humanity /  |r W. Wilson --   |t On Repentance /  |r W. Wilson --   |t On Nobility /  |r W. Wilson --   |t On Courage, Chapters 1-4 /  |r W. Wilson --   |t On Courage, Chapters 5-8 /  |r W. Wilson --   |t On Humanity, Chapters 1-4 /  |r W. Wilson --   |t On Humanity, Chapter 5 /  |r W. Wilson --   |t On Humanity, Chapter 6 /  |r W. Wilson --   |t On Humanity, Chapters 7-8 /  |r W. Wilson --   |t On Humanity, Chapter 9 /  |r W. Wilson --   |t On Humanity, Chapter 10 /  |r W. Wilson --   |t On Humanity, Chapter 11 /  |r W. Wilson --   |t On Humanity, Chapters 12-13 /  |r W. Wilson --   |t On Humanity, Chapter 14 /  |r W. Wilson --   |t On Humanity, Chapter 15 /  |r W. Wilson --   |t On Humanity, Chapter 16 /  |r W. Wilson --   |t On Humanity, Chapter 17 /  |r W. Wilson --   |t On Humanity, Chapter 18 /  |r W. Wilson --   |t On Humanity, Chapter 19 /  |r W. Wilson --   |t On Humanity, Chapters 20-21 /  |r W. Wilson --   |t On Humanity, Chapters 22-24 /  |r W. Wilson --   |t On Repentance /  |r W. Wilson --   |t On Nobility /  |r W. Wilson --   |t Bibliography /  |r W. Wilson --   |t Index Of Sources /  |r W. Wilson --   |t Index Of Modern Authors /  |r W. Wilson --   |t Index Of Subjects /  |r W. Wilson --   |t Index Of Greek Terms /  |r W. Wilson. 
506 1 |a Available to subscribing member institutions only. 
520 |a In the treatise On Virtues (part of his so-called Exposition of the Law), Philo of Alexandria demonstrates how Moses, his laws, and the nation constituted by these laws each embody certain widely-discussed moral values, specifically, courage (andreia), humanity (philanthropia), repentance (metanoia), and nobility (eugeneia). Although it makes extensive use of material drawn from the Pentateuch, what the treatise provides is far more than a commentary on scripture. Rather, it contributes to a sophisticated apologetic reconstruction of Jewish origins, idealized according to the principles of both Greek philosophy and Roman political culture. Guided by such principles, Philo endeavors to establish the moral, legal, and social status of Judaism within the Greco-Roman world. 
650 0 |a Conduct of life  |v Early works to 1800. 
650 0 |a Jewish ethics  |v Early works to 1800. 
650 0 |a Virtues  |v Early works to 1800. 
700 1 |a Wilson, Walter T. 
776 0 |z 9789004190375 (electronic book)  |z 9789004189072 (hardback : alk. paper) 
830 0 |a Philo of Alexandria Commentary Series  |v 3. 
830 0 |a Biblical Studies, Ancient Near East and Early Christianity E-Books Online, Collection 2011, ISBN: 9789004222748. 
856 4 |z DOI:   |u http://dx.doi.org/10.1163/ej.9789004189072.i-480 
942 |c EBOOK 
952 |0 0  |1 0  |4 0  |7 1  |9 13572  |a BRILL  |b BRILL  |d 2021-06-02  |l 0  |r 2021-06-02 00:00:00  |w 2021-06-02  |y EBOOK 
999 |c 35024  |d 35024